Every Scottish SPFL Player - Statistics

General Stats
  • This quiz has been taken 11 times
  • The average score is 65 of 107
Answer Stats
Club Position Initials Player % Correct
Celtic Defender AR Anthony Ralston
100%
Celtic Midfielder CM Callum Mcgregor
100%
Celtic Defender KT Kieran Tierney
100%
Hearts Forward AF Alan Forrest
90%
Rangers Midfielder CB Connor Barron
90%
Hearts Goalkeeper CG Craig Gordon
90%
Celtic Defender DM Dane Murray
90%
Celtic Forward JF James Forrest
90%
Rangers Defender JS John Souttar
90%
Rangers Goalkeeper KW Kieran Wright
90%
Hearts Forward LS Lawrence Shankland
90%
Rangers Goalkeeper LK Liam Kelly
90%
Celtic Midfielder LM Luke Mccowan
90%
Dundee Forward SM Simon Murray
90%
Livi Midfielder AS Andrew Shinnie
80%
Rangers Midfielder BR Bailey Rice
80%
Falkirk Forward BG Brian Graham
80%
Falkirk Forward CM Calvin Miller
80%
Falkirk Forward ER Ethan Ross
80%
Kilmarnock Forward FC Finlay Curtis
80%
Aberdeen Midfielder GS Grahame Shinnie
80%
Hearts Defender HM Harry Milne
80%
Aberdeen Defender JM Jack Milne
80%
Aberdeen Forward KN Kevin Nisbet
80%
Motherwell Defender LG Liam Gordon
80%
Motherwell Forward LR Luca Ross
80%
Dundee Defender LG Luke Graham
80%
Aberdeen Midfielder LC Lyall Cameron
80%
Hearts Midfielder ML Marc Leonard
80%
Falkirk Goalkeeper SB Scott Bain
80%
Dundee Forward SW Scott Wright
80%
Motherwell Defender SO'D Stephen O'Donnell
80%
Hearts Midfielder BS Blair Spittal
70%
Kilmarnock Forward BA Bruce Anderson
70%
Hibs Midfielder CC Chris Cadden
70%
Celtic Defender CD Colby Donovan
70%
Hearts Defender CH Craig Halkett
70%
Hibs Midfielder JC Josh Campbell
70%
Falkirk Defender KA Keelan Adams
70%
Hibs Midfielder NC Nicky Cadden
70%
Aberdeen Defender ND Nicky Devlin
70%
Dundee United Defender RG Ross Graham
70%
Livi Forward SM Stevie May
70%
Midfielder Midfielder AC Allan Campbell
60%
Motherwell Midfielder AH Andy Halliday
60%
Falkirk Forward BS Barney Stewart
60%
Dundee Defender CR Clark Robertson
60%
Livi Defender DW Danny Wilson
60%
Aberdeen Midfielder DL Dylan Lobban
60%
Falkirk Midfielder DT Dylan Tait
60%
Dundee Midfielder FR Finlay Robertson
60%
Hibs Defender GH Grant Hanley
60%
Hibs Midfielder JM Josh Mulligan
60%
Falkirk Defender LH Liam Henderson
60%
Livi Midfielder MT Macauley Tait
60%
Midfielder Midfielder MO'H Mark O'Hara
60%
Motherwell Defender PM Paul Mcginn
60%
Celtic Goalkeeper RD Ross Doohan
60%
Hearts Defender SK Stephen Kingsley
60%
Aberdeen Midfielder SA Stuart Armstrong
60%
Hearts Defender SF Stuart Findlay
60%
Celtic Defender AM Adam Montgomery
50%
Falkirk Defender CD Coll Donaldson
50%
Falkirk Defender CA Connor Allan
50%
Kilmarnock Midfielder DW David Watson
50%
Motherwell Midfielder EW Elliot Watt
50%
Falkirk Midfielder FY Finn Yeats
50%
Kilmarnock Defender JB Jamie Brandon
50%
Hearts Defender JM Jamie Mccart
50%
Dundee United Forward JR Johnny Russell
50%
Dundee Goalkeeper JM Jon Mccracken
50%
Kilmarnock Defender LM Lewis Mayo
50%
Midfielder Forward MM Mikael Mandron
50%
Aberdeen Defender MF Mitchel Frame
50%
Kilmarnock Defender RD Robbie Deas
50%
Livi Forward RM Robbie Muirhead
50%
Hearts Goalkeeper RF Ryan Fulton
50%
Motherwell Midfielder SN Sam Nicholson
50%
Motherwell Defender SW Steven Welsh
50%
Aberdeen Defender TM Tom Mcintyre
50%
Livi Forward BM Barrie Mckay
40%
Falkirk Midfielder BS Brad Spencer
40%
Motherwell Forward CH Callum Hendry
40%
Dundee Midfielder CR Charlie Reilly
40%
Dundee United Midfielder CS Craig Sibbald
40%
Falkirk Forward GO Gary Oliver
40%
Kilmarnock Midfielder JT Jack Thomson
40%
Falkirk Defender LM Leon Mccann
40%
Falkirk Defender LN Lewis Neilson
40%
Livi Forward LS Lewis Smith
40%
Aberdeen Defender LM Liam Morrison
40%
Kilmarnock Midfielder LP Liam Polworth
40%
Midfielder Defender MF Marcus Fraser
40%
Hibs Defender RM Rudi Molotnikov
40%
St Mirren Goalkeeper RM Ryan Mullen
40%
Dundee United Defender SCH Sam Cleall-Harding
40%
Livi Midfielder SP Scott Pittman
40%
Livi Forward CM Connor Mclennan
30%
Dundee Midfielder EH Ethan Hamilton
30%
Kilmarnock Midfielder GK Greg Kiltie
30%
Kilmarnock Midfielder KM Kyle Magennis
30%
Kilmarnock Midfielder RM Rory Mckenzie
30%
Falkirk Forward RM Ross Maciver
30%
Kilmarnock Forward ST Scott Tiffoney
30%
Livi Midfielder CK Cameron Kerr
20%
Dundee Forward JB Joe Bevan
20%
Falkirk Goalkeeper NH Nicky Horgath
20%
No matching quizzes found
Score Distribution
Percent of People with Each Score
Percentile by Number Answered
Your Score History
You have not taken this quiz